Bama: writer as activist (Record no. 1269260)

MARC details
000 -LEADER
fixed length control field 01472nam a22002417a 4500
005 - DATE AND TIME OF LATEST TRANSACTION
control field 20250325153146.0
008 - FIXED-LENGTH DATA ELEMENTS--GENERAL INFORMATION
fixed length control field 250325b |||||||| |||| 00| 0 eng d
020 ## - INTERNATIONAL STANDARD BOOK NUMBER
International Standard Book Number 9781032962702
037 ## - SOURCE OF ACQUISITION
Terms of availability Textual
040 ## - CATALOGING SOURCE
Original cataloging agency RTL
Transcribing agency RTL
084 ## - COLON CLASSIFICATION NUMBER
Classification number Y15-5927(Q6).211 Q5
Assigning agency RTL
245 ## - TITLE STATEMENT
Title Bama: writer as activist
250 ## - EDITION STATEMENT
Edition statement 1st
260 ## - PUBLICATION, DISTRIBUTION, ETC.
Place of publication, distribution, etc. London and New York
Name of publisher, distributor, etc. Routledge
Date of publication, distribution, etc. 2025
300 ## - PHYSICAL DESCRIPTION
Extent xv, 303p.
Other physical details Includes bibliography, notes and index
520 ## - SUMMARY, ETC.
Summary, etc. Bama is a Tamil Dalit feminist writer and novelist. Her autobiographical novel Karukku, which chronicles the joys and sorrows experienced by Dalit Christians in Tamil Nadu, catapulted her to fame. As a prolific writer, she has experimented with all kinds of genres, such as novels, short stories, poems, autobiographical writing, children’s literature, and discursive essays. This book presents a dedicated study of Bama’s work as a writer and activist and situates her in the context of Dalit literature in general and Tamil Dalit literature in particular. It recognises Bama as writer of great relevance especially in bringing to the fore the problematics of Dalit issues and their possible modes of aesthetic articulation through a new Dalit language.
650 ## - SUBJECT ADDED ENTRY--TOPICAL TERM
Topical term or geographic name entry element Asian Studies
650 ## - SUBJECT ADDED ENTRY--TOPICAL TERM
Topical term or geographic name entry element Literature
650 ## - SUBJECT ADDED ENTRY--TOPICAL TERM
Topical term or geographic name entry element Post-Colonial Studies
9 (RLIN) 747557
710 ## - ADDED ENTRY--CORPORATE NAME
Corporate name or jurisdiction name as entry element Kumar, Raj
Relator term Editor
9 (RLIN) 747558
710 ## - ADDED ENTRY--CORPORATE NAME
Corporate name or jurisdiction name as entry element Armstrong, S.
Relator term Editor
9 (RLIN) 747559
942 ## - ADDED ENTRY ELEMENTS (KOHA)
Source of classification or shelving scheme Colon Classification (CC)
Suppress in OPAC No
Koha item type Textbook
Classification part Y15-5927(Q6).211 Q5
Holdings
Withdrawn status Lost status Source of classification or shelving scheme Damaged status Not for loan Home library Current library Date acquired Total Checkouts Full call number Barcode Date last seen Price effective from Koha item type
    Colon Classification (CC)     Ratan Tata Library Ratan Tata Library 2025-03-25   Y15-5927(Q6).211 Q5 RT1585257 2025-03-25 2025-03-25 Textbook
Copyright @ Delhi University Library System